<?xml version="1.0" encoding="UTF-8"?>
<marc:record xmlns:marc="http://www.loc.gov/MARC21/slim">
   <marc:leader>00000nam a2200000 a 4500</marc:leader>
   <marc:datafield ind1="1" ind2=" " tag="100">
      <marc:subfield code="a">Humbach, Markus</marc:subfield>
      <marc:subfield code="4">aut</marc:subfield>
      <marc:subfield code="e">Verfasser/-in</marc:subfield>
   </marc:datafield>
   <marc:datafield ind1=" " ind2=" " tag="653">
      <marc:subfield code="a">Technik</marc:subfield>
   </marc:datafield>
   <marc:datafield ind1=" " ind2=" " tag="653">
      <marc:subfield code="a">Roboter</marc:subfield>
   </marc:datafield>
   <marc:datafield ind1="0" ind2="0" tag="245">
      <marc:subfield code="a">WWW - Alles über Roboter</marc:subfield>
   </marc:datafield>
   <marc:datafield ind1="0" ind2="0" tag="245">
      <marc:subfield code="b">; Wieso? Weshalb? Warum?</marc:subfield>
   </marc:datafield>
   <marc:datafield ind1=" " ind2="1" tag="264">
      <marc:subfield code="b">Ravensburger Verlag GmbH</marc:subfield>
      <marc:subfield code="c">2021</marc:subfield>
   </marc:datafield>
   <marc:datafield ind1="1" ind2=" " tag="490">
      <marc:subfield code="a">Wieso? Weshalb? Warum?</marc:subfield>
   </marc:datafield>
   <marc:datafield ind1="1" ind2=" " tag="520">
      <marc:subfield code="a">Aktuelles Top-Thema im Bereich Technik Mit Infos zu künstlicher Intelligenz und autonomen Fahrzeugen Fachberatung durch das Institut für Robotik des DLR Kompetent recherchiert und geprüft Wie funktioniert ein Roboter? Welche klugen Maschinen helfen in der Fabrik, im Krankenhaus und auf dem Feld? Und wie können Roboter Leben retten? Mithilfe zahlreicher Klappen können Kinder ins Innere von Robotern schauen, mit ihnen die Tiefsee und den Weltraum erforschen und in autonome Roboterfahrzeuge einsteigen. Detaillierte Bilder und leicht verständliche Texte veranschaulichen kindgerecht auch schwierigere technischen Zusammenhänge.?</marc:subfield>
   </marc:datafield>
   <marc:datafield ind1=" " ind2=" " tag="020">
      <marc:subfield code="a">9783473329854</marc:subfield>
      <marc:subfield code="9">9783473329854</marc:subfield>
   </marc:datafield>
</marc:record>
